25 Famous People from Czech Republic - Statistics

General Stats
  • This quiz has been taken 221 times
    167 since last reset
  • The average score is 12 of 25
Answer Stats
Hint Answer % Correct
First president of the Czech Republic after whom was the airport in Prague named Vaclav Havel
82%
Holy Roman emperor after whom was the bridge in Prague named Charles IV
80%
Religious reformer and Czech nationalist symbol who was burned at the stake as a heretic Jan Hus
76%
Football goalkeeper who played for Arsenal and Chelsea Petr Čech
75%
Composer of famous symphonic poem Vltava (The Moldau) Bedrich Smetana
67%
One of the greatest professional hockey players of all time Jaromir Jagr
63%
Composer best known for his symphony From the New World Antonin Dvorak
61%
Female tennis player who won 18 Grand Slam singles titles Martina Navratilova
58%
Female tennis player who won Wimbledon Championships in 2011 and in 2014 Petra Kvitová
57%
Philosopher, sociologist, politician and Czechoslovakia’s first president Tomas Masaryk
57%
Director of movies One Flew Over the Cuckoo’s Nest and Amadeus Miloš Forman
55%
President of Czech Republic since 2013 Miloš Zeman
55%
One of the most successful Czech players of all time who played for Lazio and Juventus Pavel Nedved
55%
The father of genetics and the laws of heredity Gregor Mendel
49%
Student of history whose self-immolation was a political protest against the end of the Prague Spring Jan Palach
46%
Czech national hero who was nicknamed "One-eyed" Jan Žižka
45%
One of the greatest ice hockey goaltenders of all time Dominik Hašek
42%
Writer who became a naturalized French citizen after going into exile in France in 1975 Milan Kundera
37%
Male tennis player who won 8 Grand Slam singles titles Ivan Lendl
34%
Czechoslovak artistic gymnast who won seven Olympic gold medals in the 1960s Věra Čáslavská
32%
World record holder who competed in the javelin throw Jan Železny
30%
Writer, poet and journalist who won the Nobel Prize in Literature in 1984 Jaroslav Seifert
29%
Model and actress, former Victoria's Secret Angel and Vogue cover star Karolina Kurkova
13%
First woman from Central Europe to be featured on the cover of the Sports Illustrated Paulina Porizkova
12%
Composer of the Florentiner March and the Entrance of the Gladiators Julius Fučik
10%
No matching quizzes found
Score Distribution
Percent of People with Each Score
Percentile by Number Answered
Your Score History
You have not taken this quiz since the last reset